[Event "Maastricht Limburg op-B 5th"]
[Site "Maastricht"]
[Date "2011.06.11"]
[Round "2"]
[White "Gerlagh, Joris"]
[Black "Gallardo Banez, Alfonso"]
[Result "1/2-1/2"]
[WhiteElo "1776"]
[BlackElo "1915"]
[PlyCount "51"]
[EventDate "2011.06.10"]
[EventType "swiss"]
[EventRounds "7"]
[EventCountry "NED"]
[SourceTitle "EXT 2012"]
[Source "ChessBase"]
[SourceDate "2011.11.24"]
[SourceVersion "1"]
[SourceVersionDate "2011.11.24"]
[SourceQuality "1"]

1. d4 d6 2. c4 e5 3. dxe5 dxe5 4. Qxd8+ Kxd8 5. Nc3 Be6 6. e3 Nd7 7. Nf3 f6 8. b3 Bb4 9. Bb2 c6 10. 0-0-0 Kc7 11. Ne4 a5 12. a3 Be7 13. Kc2 Nh6 14. h3 Nf7 15. g4 h5 16. Rg1 hxg4 17. hxg4 Raf8 18. Bd3 Rh3 19. Nfd2 Rfh8 20. f4 Nc5 21. f5 Bc8 22. Rde1 Rh2 23. Kc3 b6 24. Nxc5 Bxc5 25. Ne4 R8h3 26. Bc1 1/2-1/2